| 000 | 01551nam a22003497a 4500 | ||
|---|---|---|---|
| 001 | 20095866 | ||
| 005 | 20241202083159.0 | ||
| 008 | 230321b |||||||| |||| 00| 0 eng d | ||
| 010 | _a 2017958872 | ||
| 020 | _a0198797036 | ||
| 020 | _a9780198797036 (pbk) | ||
| 035 | _a(OCoLC)on1013820622 | ||
| 040 |
_aYDX _beng _cKMU _dERASA _dBDX _dCDX _dOCLCF _dWTU _dDLC |
||
| 042 | _alccopycat | ||
| 050 | 0 | 0 |
_aBD 348 Hen _b.H45 2018 |
| 100 | 1 |
_aHenning, Tim, _d1976- _eauthor. |
|
| 245 | 1 | 0 |
_aFrom a rational point of view : _bhow we represent subjective perspectives in practical discourse / _cTim Henning. |
| 264 | 1 |
_aOxford, United Kingdom : _bOxford University Press, _c2018. |
|
| 300 |
_ax, 240 pages ; _c25 cm |
||
| 336 |
_atext _btxt _2rdacontent |
||
| 336 |
_astill image _bsti _2rdacontent |
||
| 337 |
_aunmediated _bn _2rdamedia |
||
| 338 |
_avolume _bnc _2rdacarrier |
||
| 504 | _aIncludes bibliographical references and indexes. | ||
| 520 | 8 | _aTim Henning applies insights from the philosophy of language and formal semantics to problems in practical philosophy, and solves notorious puzzles about the reasons we have, what it is rational for us to do, and what we ought to do. He offers a more unified understanding of normative and practical discourse. | |
| 650 | 0 | _aNormativity (Ethics) | |
| 650 | 0 |
_aStandard language _xPhilosophy. |
|
| 650 | 7 |
_aNormativity (Ethics) _2fast _0(OCoLC)fst01039140 |
|
| 906 |
_a7 _bcbc _ccopycat _d2 _encip _f20 _gy-gencatlg |
||
| 942 |
_2lcc _cBK _n0 |
||
| 999 |
_c257 _d257 |
||